Financial and managerial accounting : Information for decisions

محفوظ في:
التفاصيل البيبلوغرافية
المؤلف الرئيسي: Wild, John J.
التنسيق: كتاب
اللغة:Undetermined
منشور في: Boston, MA. McGraw-Hill/Irwin 2005
الموضوعات:
الوسوم: إضافة وسم
لا توجد وسوم, كن أول من يضع وسما على هذه التسجيلة!
Thư viện lưu trữ: Trung tâm Học liệu Trường Đại học Cần Thơ
LEADER 00636nam a2200205Ia 4500
001 CTU_213027
008 210402s9999 xx 000 0 und d
082 |a 658.1511 
082 |b W668 
100 |a Wild, John J. 
245 0 |a Financial and managerial accounting : 
245 0 |b Information for decisions 
245 0 |c Wild, John J. 
260 |a Boston, MA. 
260 |b McGraw-Hill/Irwin 
260 |c 2005 
650 |a Accounting,Managerial accounting. 
904 |i Minh 
910 |a Sách kèm theo đĩa CD có số : AVA.000313 , AVA.000314 , AVA.000315 
980 |a Trung tâm Học liệu Trường Đại học Cần Thơ